000 00589nam a2200205Ia 4500
003 OSt
005 20230405104049.0
008 210423s2007 xx 000 0 und d
020 _a813097283
040 _cAL
041 _aeng
082 _a809.935 BLOH
100 _aBLOOM (Harold),Ed.
_983117
245 _aViva blooms notes Maya Angelous I know why the caged bird sings.
260 _aNew Delhi
_bViva Books Pvt Ltd
_c2007
300 _a100
_bPB
365 _b70
_cINR
906 _aAngelous ; bird ; blooms ; caged ; know ; Maya ; notes ; sings. ; Viva ; why
942 _2ddc
_cBK
999 _c158087
_d158087